|
|
|
|
| LEADER |
00000nam0a2200000 4500 |
| 001 |
133910 |
| 005 |
20231031135500.0 |
| 010 |
|
|
|a 5268012592
|
| 020 |
|
|
|a RU
|b 91-45676
|
| 035 |
|
|
|a (RuTPU)RU\TPU\book\145153
|
| 090 |
|
|
|a 133910
|
| 100 |
|
|
|a 20080324d1991 m y0rusy5003 ca
|
| 101 |
0 |
|
|a rus
|
| 102 |
|
|
|a RU
|
| 105 |
|
|
|a a z 000ay
|
| 200 |
1 |
|
|a Снег на Рождество
|e Повести, рассказы
|f А. П. Брежнев
|
| 210 |
|
|
|a Москва
|c Советская Россия
|d 1991
|
| 215 |
|
|
|a 399,[1] с.
|c ил.
|d 20 см
|
| 327 |
1 |
|
|a Содерж.: Повести: Снег на Рождество; Вызов; Сварной; Встречи на "Скорой"; Рассказы: Тихие радости; Лоскуток; Ожидание; Ветер Марии; Один
|
| 610 |
1 |
|
|a советская литература
|
| 610 |
1 |
|
|a повести
|
| 610 |
1 |
|
|a рассказы
|
| 675 |
|
|
|a Р2
|z rus
|
| 700 |
|
1 |
|a Брежнев
|b А. П.
|g Александр Петрович
|4 070
|
| 801 |
|
0 |
|a RU
|b RuMRKP
|c 19950417
|g psbo
|
| 801 |
|
1 |
|a RU
|b 63413507
|c 20080324
|g PSBO
|
| 801 |
|
2 |
|a RU
|b 63413507
|c 20080324
|g PSBO
|
| 942 |
|
|
|c BK
|